000 00556pab a2200193 454500
008 180718b2005 xxu||||| |||| 00| 0 eng d
100 _aDeepika, M. G.
245 _aImpact of removal of quantitative restrictions in the globalised economy of India: a critical analysis
260 _c2005
300 _ap.335-47.
362 _aAug
650 _aGlobalization - India
650 _aAgriculture - India
650 _aAgriculture
700 _aDeshpande, R. S.
700 _aRay, A. K.
773 _aAgricultural situation in India
909 _a72598
999 _c72598
_d72598